00567 2200193 4500001002100000005001500021008004100036020001800077035001900095041000700114082001100121090001500132100003600147245008400183250001100267260003600278300003600314650002300350INLIS00000000000393820210322160735210322||||||||| | ||| |||| || |  a9789791504980 0010-0321003938 aid0 a631.15 a631.15 PAD0 aPenyusun : Samedi Soemintaredja00aBapak penyuluhan pertanian. Pengabdi petani sepanjang hayat. Salmon Padmanagara aCet. 1 aJakartabCitra Aji Paramac2012 axxvii, 217 hal. : Ilus. ; 25 cm 0aPenyuluh Pertanian